| 000 | 00554nam a2200181Ia 4500 | ||
|---|---|---|---|
| 008 | 100917s9999 xx 000 0 und d | ||
| 082 | _b65512 | ||
| 100 | _aदळवी जयवंत | ||
| 245 | _aकशासाठी पोटासाठी | ||
| 260 |
_bमॅजेस्टिक बुक स्टॉल _c1983 |
||
| 300 | _a163 | ||
| 365 | _b25 | ||
| 520 | _aकथा | ||
| 630 | _aकशासाठी पोटासाठी | ||
| 650 | _aकथा | ||
| 730 | _aकशासाठी पोटासाठी | ||
| 942 | _cBOOK | ||
| 999 |
_c670906 _d670903 |
||